Κουλτούρα, νεωτερικότητα, πολιτική κουλτούρα.
Saved in:
| Main Author: | |
|---|---|
| Format: | Book |
| Language: | Greek |
| Published: |
Αθήνα :
Παπαζήσης,
1989
|
| Subjects: | |
| Tags: |
Add Tag
No Tags, Be the first to tag this record!
|
MARC
| LEADER | 00000cam a2200000 i 4500 | ||
|---|---|---|---|
| 001 | 1/54235 | ||
| 008 | 960508s1989 gr | ||| |||| ||gre|| | ||
| 035 | |l 10027651 | ||
| 040 | |a GR-MY-UA |b gre |e aacr | ||
| 041 | 0 | |a gre | |
| 082 | 0 | |a 306 | |
| 100 | 1 | |a Δεμερτζής, Νίκος, |d 1958- | |
| 245 | 1 | 0 | |a Κουλτούρα, νεωτερικότητα, πολιτική κουλτούρα. / |c Νίκος Δεμερζής |
| 260 | |a Αθήνα : |b Παπαζήσης, |c 1989 | ||
| 300 | |a 374 σ. | ||
| 500 | |a Περιέχει σημειώσεις, βιβλιογραφία και γλωσσάρι. | ||
| 650 | 0 | 0 | |a Political culture. |
| 650 | 0 | 0 | |a Political sociology. |
| 650 | 0 | 0 | |a Culture. |
| 852 | |a INST |b CHIOS |e 19960508 |h 306 ΔΕΜ |p 005200003295 |q 005200003295 |t BK |y 0 | ||
| 909 | |a Χ |b 016104 | ||